000 02073cam a22004814i 4500
003 PE-LiUPU
005 20250731165547.0
008 150625s r 000 0 d
035 _a(Sirsi) a34191
035 _a(Sirsi) a34191
040 _aPE-LiUPU
_bspa
_cPE-LiUPU
_erda
082 0 4 _a225.7
_bHNT
_221
100 1 _aBarrett, C.K.,
_eautor.
245 1 4 _aThe Epistle to the Romans /
_cC.K. Barrett.
264 1 _aMassachusetts :
_bHendrickson Publisher,
_c1957.
300 _a294 páginas ;
_c21.5 cm.
336 _atext
_2rdacontent
337 _aunmediated
_2rdamedia
338 _avolume
_2rdacarrier
505 0 _aThe Address. -The gospel. -Judgement and the gentile. -Judgement and the critic. -Concience. -Judgement and jew. -All have sinned. -The righteousness of god. -The righteousness of god. -Abraham justified by faith. -Faith and Promise. -Justification and salvation. -Adam and Christ. -Free from Sin. -In Bondage to righteousness. -Free from the Law. -The Law and sin. -Life in the Spirit. -Life in the Spirit. -The hope of glory. -Assurance. -The unbelief of Israel. -God's elective purpose. -God's elective purpose. -God´s sovereignty.
526 _aSEG44
526 _aSEG26
526 _aP151
526 _aP150
526 _aP149
526 _aP146
526 _aP145
526 _aP126
526 _aP125
526 _aP92
526 _aP75
526 _aP74
526 _aP27
526 _aP15
630 _aBiblia.
_pN.T.
_pRomanos
_xComentarios.
910 _a
942 _2ddc
_cBOOK
949 _aRC 225.7 HNT
_wDEWEY
_c1
_i37850
_lRC
_mBUL
_r0
_sY
_tBOOK
_u2015-6-25
_xBIBLIOTECA
_zUNKNOWN
_0COMPRA
_o.CIRCNOTE. No olvidar cambiar la fecha de devolución!!!!!!!
_o.STAFF. Colección General
994 _aC0
_bPEPRU
596 _a1
999 _aRC 225.7 HNT
_wDEWEY
_c42021
_i37850
_d42021
_f2021-11-8
_g6
_lCCODEBUL1
_mBUL
_q2
_r1
_sY
_tBOOK
_u2015-6-25
_xTEOLOGIA
_zUNKNOWN
_0COMPRA
_o.CIRCNOTE. No olvidar cambiar la fecha de devolución!!!!!!!
_o.STAFF. Colección General
980 _81
_gALBERTO SANCHEZ Responsable de Automatización